000 00486nam a2200145 a 4500
001 000037197
005 20200930080212.0
008 120229s19uu xxu 000 0 spa d
040 _aDO-SdBNP
_bspa
_cBNPHU
082 _axxx
_bE82
100 1 _aEstrada Cuesta, Leobardo
_963608
245 1 0 _a¿Como te llamas? y otros sermones evangelicos /
_cLeobardo Estrada Cuesta.
260 _aEl Paso, Texas, Estados Unidos :
_bCasa Bautista de Publicaciones,
_c[19--?].
300 _a95 p. : ;
_c19 cm.
999 _c36687
_d36687